Sont-ils députés de l'assemblée nationale ? - Mort subite - Statistiques

Statistiques générales
  • Ce quiz a été pris 346 fois
  • Le résultat moyen est 9 sur 15
Answers on the Grid
Answers color-coded by a green-red scale on the quiz's grid according to % correct below.
Eric Ciotti
Louis Boyard
Mathilde Panot
Sandrine Rousseau
Manuel Bompard
Gabriel Attal
Jean-Philippe Tanguy
Elizabeth Borne
Marine Le Pen
Olivier Faure
François Ruffin
François Hollande
Prisca Thevenot
Gérald Darmanin
Laurent Wauquiez
Manon Aubry
Dominique De Villepin
Lionel Jospin
Gérard Larcher
Marine Tondelier
Bernard Cazeneuve
Jean-Luc Mélenchon
Xavier Bertrand
Valérie Pécresse
Rachida Dati
Bruno Retailleau
Édouard Philippe
Bruno Le Maire
Jordan Bardella
François-Xavier Bellamy
 
Statistiques - réponses
Réponse % Correct
Marine Le Pen
67%
Louis Boyard
66%
Manuel Bompard
63%
Mathilde Panot
63%
Eric Ciotti
62%
François Hollande
62%
Jean-Philippe Tanguy
62%
Olivier Faure
62%
François Ruffin
61%
Gabriel Attal
61%
Sandrine Rousseau
60%
Laurent Wauquiez
59%
Prisca Thevenot
57%
Elizabeth Borne
56%
Gérald Darmanin
56%
Aucun quiz correspondant
Distribution des résultats
% des personnes avec chaque résultat
Percentile par nombre de réponses
Votre historique - résultats
Vous n’avez pas pris ce quiz